<?xml version="1.0" encoding="utf-8"?>
<?xml-stylesheet type='text/xsl' href='./oai2.xsl'?>
<OAI-PMH xmlns="http://www.openarchives.org/OAI/2.0/" xmlns:xsi="http://www.w3.org/2001/XMLSchema-instance" xsi:schemaLocation="http://www.openarchives.org/OAI/2.0/ http://www.openarchives.org/OAI/2.0/OAI-PMH.xsd">
  <responseDate>2026-06-06T14:44:35Z</responseDate>
  <request verb="GetRecord" metadataPrefix="marcxml" identifier="record_kuniweb_1377385">https://kulturerbe.niedersachsen.de/oai</request>
  <GetRecord>
    <record>
      <header>
        <identifier>record_kuniweb_1377385</identifier>
        <datestamp>2024-02-22T10:22:04Z</datestamp>
        <setSpec>slg0242</setSpec>
      </header>
      <metadata>
        <marc:record xmlns:marc="http://www.loc.gov/MARC21/slim" xsi:schemaLocation="http://www.loc.gov/MARC21/slim http://www.loc.gov/standards/marcxml/schema/MARC21slim.xsd">
          <marc:leader>12345nrm  22     uu 4500</marc:leader>
          <marc:controlfield tag="001">1377385</marc:controlfield>
          <marc:controlfield tag="003">http://kuniweb.gbv.de</marc:controlfield>
          <marc:controlfield tag="005">2020-12-11T17:38:38</marc:controlfield>
          <marc:controlfield tag="008">|           ||||||||||||||||||||||</marc:controlfield>
          <marc:datafield tag="245" ind1="1" ind2="0">
            <marc:subfield code="a">Geschossspitze</marc:subfield>
          </marc:datafield>
          <marc:datafield tag="655" ind1=" " ind2="7">
            <marc:subfield code="a">Archäologie</marc:subfield>
          </marc:datafield>
          <marc:datafield tag="046" ind1=" " ind2=" ">
            <marc:subfield code="k">1100</marc:subfield>
            <marc:subfield code="k">ca. 1100 - ca. 1300</marc:subfield>
            <marc:subfield code="l">1300</marc:subfield>
          </marc:datafield>
          <marc:datafield tag="260" ind1=" " ind2=" ">
            <marc:subfield code="g">1100</marc:subfield>
            <marc:subfield code="g">1300</marc:subfield>
            <marc:subfield code="g">ca. 1100 - ca. 1300</marc:subfield>
          </marc:datafield>
          <marc:datafield tag="300" ind1=" " ind2=" ">
            <marc:subfield code="a">Länge: 5 cm
Breite: 0,9 cm</marc:subfield>
          </marc:datafield>
          <marc:datafield tag="520" ind1=" " ind2=" ">
            <marc:subfield code="a">Fehden und Kriege waren im hohen und späten Mittelalter nicht selten, trotzdem sind mittelalterliche Waffenteile im archäologischen Funkspektrum weniger häufig vertreten, als man annehmen könnte. Der Fund einer Geschossspitze im Bereich der Dammburg bei Alt Isenhagen wirft ein Licht auf die weniger friedlichen Zeiten. Die Burganlage am nordöstlichen Ortsrand wurde zwischen 1986 und 1990 teilweise untersucht. Dabei wurden zahlreiche Funde aus der Zeit des 12. bis 14. Jahrhunderts entdeckt (dazu Literatur H.-W. Heine 1993). 

Die hier gezeigte Geschossspitze entspricht mit ihrem quadratischen Querschnitt im oberen Bereich einem Schema des hohen Mittelalters, hier des 12./frühen 13. Jahrhunderts. Ihr Vorderteil ist pyramidenförmig. (Baier 12/2020)

Beschrieben in:
H. -W. Heine, „Archäologische Untersuchungen aud der Dammburg bei Alt-Isenhagen (Hankensbüttel, Ldkr. Gifhorn)“. Theiss, Stuttgart, 1993.</marc:subfield>
          </marc:datafield>
          <marc:datafield tag="773" ind1="0" ind2=" ">
            <marc:subfield code="t">Archäologische Sammlung</marc:subfield>
          </marc:datafield>
          <marc:datafield tag="852" ind1=" " ind2=" ">
            <marc:subfield code="a">Kreis- und Stadtarchäologie Gifhorn</marc:subfield>
          </marc:datafield>
          <marc:datafield tag="852" ind1=" " ind2=" ">
            <marc:subfield code="a">Alt Isenhagen (Hankensbüttel, Gifhorn, Niedersachsen)</marc:subfield>
          </marc:datafield>
          <marc:datafield tag="" ind1=" " ind2=" ">
            <marc:subfield code="a">Namensnennung - Weitergabe unter gleichen Bedingungen 4.0 International (CC BY-SA 4.0)</marc:subfield>
          </marc:datafield>
        </marc:record>
      </metadata>
    </record>
  </GetRecord>
</OAI-PMH>
